Statistiques concernant 8ème de finale d'Europa League 2023/2024

Cliquez ici pour prendre le quiz!

Statistiques générales

  • Ce quiz a été pris 74 fois
  • Le résultat moyen est 5 sur 8

Statistiques - réponses

HintRéponse% Correct
MarseilleVillareal
93%
QarabagBayer Lerverkusen
70%
RomaBrighton
68%
Milan ACSlavia Praha
68%
Sparta PrahaLiverpool
58%
Sporting CPAtalanta
57%
BenficaRangers
53%
FreiburgWest Ham
50%

Distribution des résultats

Percentile par nombre de réponses

% des personnes avec chaque résultat

Votre développement - résultats

Vous n’avez pas pris ce quiz